La escuela productiva : utopía y realidad /
Guardado en:
| Autor Principal: | |
|---|---|
| Formato: | Libro |
| Publicado: |
Buenos Aires :
Paidós,
1994
|
| Series: | Cuestiones de Educación ; No. 2
|
| Materias: | |
| Etiquetas: |
Agregar Etiqueta
Sin Etiquetas, Sea el primero en etiquetar este registro!
|
| LEADER | 00853nam a22002295a 4500 | ||
|---|---|---|---|
| 001 | CEM.cems007590 | ||
| 005 | 20060214000000.0 | ||
| 008 | 130507s1994##################000#0#####d | ||
| 003 | CEMS | ||
| 082 | 0 | 4 | |a 370 |
| 100 | 1 | |a Martínez Guarino, Ramón | |
| 245 | 1 | 0 | |a La escuela productiva : |b utopía y realidad / |
| 260 | |a Buenos Aires : |b Paidós, |c 1994 | ||
| 300 | |a 182 p. | ||
| 490 | 0 | |a Cuestiones de Educación ; No. 2 | |
| 505 | 0 | |a Educaci¢n y trabajo. El programa EMETA en la provincia de Neuqu'n. Los puestos de Capacitaci¢n Agropecuaria. La Escuela Media Experimental T'cnica Agropecuaria (EMETA).El debate contempor neo.Hacia un nuevo modelo.- | |
| 653 | |a C. basico 1994 | ||
| 653 | |a Educacion | ||
| 653 | |a Educacion y trabajo | ||
| 653 | |a Emeta | ||
| 653 | |a Escuela productiva | ||
| 859 | |a CEMS |b BIB. CEMS - 11 de abril |h 370 |i M366 |p 17725.94 |t Ej.1 | ||
